Biblioteca

The Philippines reader : A history of colonialism, neocolonialism, dictatorship, and resistance / Daniel B. Schirmer, Stephen Rosskamm Shalom, Editores (Registro nro. 40841)

Detalles MARC
000 -LÍDER
Campo fijo de descripción fija 004200000a22001330004500
020 ## - NÚMERO INTERNACIONAL NORMALIZADO PARA LIBROS
Número Internacional Normalizado del libro 0-89608-275-X
041 0# - CÓDIGO DE IDIOMA
Código de idioma para texto/pista de sonido o título separado
082 04 - NÚMERO DE CLASIFICACIÓN DECIMAL DEWEY
Número de clasificación G 959.903 S337p
001 - NÚMERO DE CONTROL
Campo de control 11616
245 10 - TÍTULO
Título del Material The Philippines reader : A history of colonialism, neocolonialism, dictatorship, and resistance / Daniel B. Schirmer, Stephen Rosskamm Shalom, Editores
260 ## - PUBLICACIÓN, DISTRIBUCIÓN, ETC. (PIE DE IMPRENTA)
Lugar de publicación, distribución, etc. Quezon City, Philippinies : KEN
300 ## - DESCRIPCIÓN FÍSICA
Extensión XXII, 425 Pag
942 ## - TIPO DE MATERIAL (KOHA)
Tipo de Item KOHA Libros General
Existencias
Estado de Material Estado de Perdido Estado de Dañado No para Préstamo Colección Tomo Biblioteca de Origen Biblioteca Permanente Fecha de Adquisición Total de Préstamos Signatura Topográfica Código de Barras Última vez visto Ejemplar/Existencia Fecha de Remplazo Tipo de Material
        Colección General   Biblioteca FUSBC Biblioteca FUSBC 27/01/2005   G 959.903 S337p 13929 12/12/2019 1 26/01/2016 Libros General

Biblioteca FUSBC | Teléfono: (57+4) 349 88 10 Ext. 141| WhatsApp (+57) 3005338115 
E-mail: biblioteca@unisbc.edu.co | Calle 76 87-14 Robledo Palenque, Medellín, Colombia

Con tecnología Koha